00834nam a2200205 a 450000100100000000500170001000800410002704000250006808200180009310000300011124501470014125000120028826000670030030000210036750000730038850400410046165000470050265000400054965000390058900001523120240430192715.0100203s2004 dr 001 0 spa d aDO-SdBNPbspacBNPHU a001.42bF825p1 aFranco Pechardo, Franklin10aPara aprender a investigar :bmétodos y técnicas para la elaboración de tesis e informes de investigación /cFranklin Franco Pechardo. a3a. ed. aSanto Domingo :bSociedad Editorial Dominicana,c2004.fBúho a136 p. ;c21 cm. aIncluye referencias bibliográficas y notas al pie de las páginas aIncluye bibliografía (p. 133 -134) 4aInvestigacionesxMetodología de escritos 0aTesis y disertaciones académicas  4aRedacción de escritos técnicos